Společenská odpovědnost organizací (CSR), její hodnocení a posuzování
Systémy hodnotenia a posudzovania CSR - normy a smernice vo svete. ISO 26000 Social Responsibility - pre Česko. IQNet SR 10.
Salvato in:
| Autore principale: | |
|---|---|
| Natura: | Capitolo di libro |
| Lingua: | ceco |
| Soggetti: | |
| Tags: |
Nessun Tag, puoi essere il primo ad aggiungerne!!
|
MARC
| LEADER | 00000naa a2200000 4500 | ||
|---|---|---|---|
| 001 | 0193305 | ||
| 005 | 20231115070536.4 | ||
| 041 | 0 | |a cze | |
| 044 | |a CZ | ||
| 245 | 1 | 0 | |a Společenská odpovědnost organizací (CSR), její hodnocení a posuzování |c Jan Jandera |
| 520 | |a Systémy hodnotenia a posudzovania CSR - normy a smernice vo svete. ISO 26000 Social Responsibility - pre Česko. IQNet SR 10. | ||
| 610 | 2 | 0 | |a spoločnosti |
| 610 | 2 | 0 | |a zodpovednosť spoločenská |
| 610 | 2 | 0 | |a systémy riadenia |
| 610 | 2 | 0 | |a certifikácia |
| 610 | 2 | 0 | |a normy |
| 100 | 1 | |a Jandera, Jan | |